000 00472nam a22001697a 4500
999 _c3544
_d3544
008 200618b ||||| |||| 00| 0 eng d
082 0 0 _a541.24
_bR5141
100 _92922
_aRichards, W. G.
245 1 0 _aStructure and spectra of atoms /
_cby W. G. Richards and P. R. Scott
250 _a1st ed.
260 _aNew Delhi
_bWeley Eastern
_c1976
300 _a98 p.
650 0 _aAtomic Theory
650 0 _aAtomic spectroscopy
700 _92924
_aScott, P. R.
942 _cBK